| 000 | 01051nam a22002297a 4500 | ||
|---|---|---|---|
| 999 |
_c63545 _d63545 |
||
| 005 | 20240530110647.0 | ||
| 008 | 171114s2015 ua a g 000 0 ara d | ||
| 017 |
_a2015/2903 _bمصر. دار الكتب |
||
| 020 | _a9789773375256 | ||
| 040 |
_aEG-CaGPL _cEG-CaGPL |
||
| 082 | 0 | 4 |
_221 _a657.48 / _bخ م |
| 110 | 0 | _aخبراء مركز الخبرات المهنية للادارة بميك | |
| 245 | 1 | 0 |
_aالمهارات المحاسبية والمالية للمشرفين / _cاعداد المادة العلمية خبراء مركز الخبرات المهنية للادارة بميك ؛ عبدالرحمن توفيق |
| 260 |
_aالقاهرة : _bمركز الخبرات المهنية للادارة (ببميك) ، _c2015. |
||
| 300 |
_a78 ص. : _bايض ؛ _c32 سم. |
||
| 650 | 0 | 7 |
_2qrmak _aمحاسبة التحليلية |
| 651 | _2qrmak | ||
| 653 | 0 | _aمحاسبة التحليلية - مهارة | |
| 700 | 0 |
_aعبدالرحمن توفيق _eمستشار |
|
| 942 |
_2ddc _cBK |
||